| 000 | 00722nam a2200145 a 4500 | ||
|---|---|---|---|
| 001 | 000040512 | ||
| 005 | 20201002034200.0 | ||
| 008 | 130828s1997 dr 000 0 spa d | ||
| 040 |
_aDO-SdBNP _bspa _cBNPHU |
||
| 100 | 1 |
_aLuna Paulino, Luis A. _964772 |
|
| 245 | 1 | 0 |
_aPríncipios de derecho procesal penal militar dominicano / _cLuis A. Luna Paulino. |
| 246 | 1 | 4 |
_aPríncipios de derecho procesal penal militar dominicano : _ben consonancia con : el código de justicia de la Fuerzas Armadas, derecho suplementario (código de procedimiento criminal y otras disposiciones), doctrina dominicana y francesa, jurisprudencia dominicana y derecho comparado |
| 260 |
_aSanto Domingo : _b[s.n.], _c1997. |
||
| 300 |
_a254 p. ; _c22 cm. |
||
| 999 |
_c40002 _d40002 |
||